000 00562cam a2200229ua 4500
001 204
008 150904n ii |||gr||||Z||||||eng
020 _a81-7339-492-x
040 _cMAIN
041 _aeng
082 _a301
245 _aSamajtattwa parichay.
_cBy Jyotiprasad Saikia.
250 _a1st.
260 _aDibrugarh.:
_bBanalata.,
_c2007.
300 _a324 p.:6 cm.
653 _aSociology.
653 _aSamajtattwa parichai.
653 _aSamajtta parichai.
653 _aSamajtatta parichai.
700 _aSaikia, Jyotiprasad.,
942 _cBK
999 _c175
_d175